<?xml version="1.0" encoding="UTF-8"?>
<record
    xmlns:xsi="http://www.w3.org/2001/XMLSchema-instance"
    xsi:schemaLocation="http://www.loc.gov/MARC21/slim http://www.loc.gov/standards/marcxml/schema/MARC21slim.xsd"
    xmlns="http://www.loc.gov/MARC21/slim">

  <leader>02643aam a2200289 i 4500</leader>
  <datafield tag="952" ind1=" " ind2=" ">
    <subfield code="0">0</subfield>
    <subfield code="1">0</subfield>
    <subfield code="2">ddc</subfield>
    <subfield code="4">0</subfield>
    <subfield code="7">0</subfield>
    <subfield code="8">GEN</subfield>
    <subfield code="a">FUSBC</subfield>
    <subfield code="b">FUSBC</subfield>
    <subfield code="d">2014-11-10</subfield>
    <subfield code="l">0</subfield>
    <subfield code="o">G 252 SM642w</subfield>
    <subfield code="p">18756</subfield>
    <subfield code="r">2019-12-12 00:00:00</subfield>
    <subfield code="t">Ej. 1</subfield>
    <subfield code="w">2016-01-26</subfield>
    <subfield code="y">BK</subfield>
    <subfield code="B">0</subfield>
    <subfield code="k">28</subfield>
  </datafield>
  <datafield tag="999" ind1=" " ind2=" ">
    <subfield code="c">45176</subfield>
    <subfield code="d">45176</subfield>
  </datafield>
  <controlfield tag="001">768714001</controlfield>
  <controlfield tag="003">CO-MdFUSB</controlfield>
  <controlfield tag="005">20190828154603.0</controlfield>
  <controlfield tag="008">190808s1907    -cn |||| |||| 00| 0 eng d</controlfield>
  <datafield tag="020" ind1=" " ind2=" ">
    <subfield code="a">[No incluye ISBN]</subfield>
  </datafield>
  <datafield tag="040" ind1=" " ind2=" ">
    <subfield code="b">spa.</subfield>
    <subfield code="a">CO-MdFUSB</subfield>
    <subfield code="c">CO-MdFUSB</subfield>
    <subfield code="d">CO-MdFUSBC</subfield>
    <subfield code="e">rda</subfield>
  </datafield>
  <datafield tag="041" ind1=" " ind2=" ">
    <subfield code="a">eng</subfield>
  </datafield>
  <datafield tag="082" ind1="0" ind2="4">
    <subfield code="a">25</subfield>
    <subfield code="2">G 252</subfield>
    <subfield code="b">SM642</subfield>
  </datafield>
  <datafield tag="100" ind1="1" ind2=" ">
    <subfield code="a">Smith, Daniel</subfield>
    <subfield code="e">autor</subfield>
  </datafield>
  <datafield tag="245" ind1="1" ind2="0">
    <subfield code="a">Worship and remembrance : meditations on the Lord's Supper.</subfield>
    <subfield code="c">/  Daniel Smith</subfield>
  </datafield>
  <datafield tag="264" ind1=" " ind2="1">
    <subfield code="a">Lexington, Kentucky : </subfield>
    <subfield code="b">Royal Life Publications, </subfield>
    <subfield code="c">[1907]</subfield>
  </datafield>
  <datafield tag="264" ind1=" " ind2="4">
    <subfield code="c">&#xA9; 1907</subfield>
  </datafield>
  <datafield tag="300" ind1=" " ind2=" ">
    <subfield code="a">Vol. 4, 224 p&#xE1;ginas </subfield>
    <subfield code="c">; 20 cm</subfield>
  </datafield>
  <datafield tag="336" ind1=" " ind2=" ">
    <subfield code="a">texto</subfield>
    <subfield code="b">txt</subfield>
    <subfield code="2">rdacontent</subfield>
  </datafield>
  <datafield tag="337" ind1=" " ind2=" ">
    <subfield code="2">rdamedia</subfield>
    <subfield code="a">sin mediaci&#xF3;n</subfield>
    <subfield code="b">n</subfield>
  </datafield>
  <datafield tag="338" ind1=" " ind2=" ">
    <subfield code="2">rdacarrier</subfield>
    <subfield code="a">volumen</subfield>
    <subfield code="b">nc</subfield>
  </datafield>
  <datafield tag="505" ind1="0" ind2=" ">
    <subfield code="a">El testimonio en el desierto. -- Las ciudades de refugio. -- La voz de Jud&#xE1;. -- La bendici&#xF3;n de Jos&#xE9;. -- Un tipo de Cristo en Joshua. -- Digno de ser alabado. -- Las agon&#xED;as de Cristo. -- Culto p&#xFA;blico. -- Viendo al Se&#xF1;or. -- Redenci&#xF3;n sin dinero. --Expiaci&#xF3;n indirecta. -- El cordero prof&#xE9;tico de Dios. --  El fruto del trabajo. Dios m&#xED;o. -- El Se&#xF1;or nuestra justicia. -- Una puerta de esperanza. -- La gloria de Cristo. - El nombre de Jes&#xFA;s. -- La transfiguraci&#xF3;n de nuestro Se&#xF1;or. -- La agon&#xED;a de nuestro Se&#xF1;or en el jard&#xED;n. -- El siervo ministrante. -- El desaf&#xED;o del regreso del Se&#xF1;or. -- El deseo de Sime&#xF3;n. -- El bautismo de fuego del Se&#xF1;or. -- La necesidad de la expiaci&#xF3;n. -- Cristo como el cordero de Dios. -- El deseo de ver a Jes&#xFA;s. -- No hay rey &#x200B;&#x200B;sino C&#xE9;sar. -- El &#xFA;ltimo momento del Se&#xF1;or en la cruz. -- El entierro de nuestro Se&#xF1;or. -- Entre la resurrecci&#xF3;n y la ascensi&#xF3;n. -- la consumaci&#xF3;n de todas las cosas. -- El pr&#xED;ncipe de la vida. --  Se&#xF1;or de todo. -- La grandeza de Cristo. -- Las buenas nuevas de la resurrecci&#xF3;n. -- Juez de todos. -- El Dios de la esperanza. -- Discernir el cuerpo del Se&#xF1;or. -- Las implicaciones de la resurrecci&#xF3;n de nuestro Se&#xF1;or. -- El rostro de Jes&#xFA;s. -- El letrero de Cristo. -- La maldici&#xF3;n de Dios. -- La cruz de Cristo. -- La exaltaci&#xF3;n de Cristo. -- Conociendo al Se&#xF1;or. -- El &#xFA;nico mediador. --  El gran Dios nuestro salvador. -- Viendo a Jes&#xFA;s. -- El poder de nuestro Se&#xF1;or para socorrer. -- Beneficios derivados de sus sufrimientos. -- Nuestro gran sumo sacerdote. -- Nuestro abogado. -- El segundo advenimiento. -- Cinco cosas en las que se convirti&#xF3; el Se&#xF1;or. -- El cordero entronizado en gloria. -- La ira del cordero. -- Venciendo por la sangre. -- El cordero en la ciudad eterna.</subfield>
  </datafield>
  <datafield tag="563" ind1=" " ind2=" ">
    <subfield code="a">R&#xFA;stico</subfield>
  </datafield>
  <datafield tag="650" ind1=" " ind2="0">
    <subfield code="9">1781</subfield>
    <subfield code="a">Estudios b&#xED;blicos</subfield>
  </datafield>
  <datafield tag="942" ind1=" " ind2=" ">
    <subfield code="c">BK</subfield>
  </datafield>
  <datafield tag="945" ind1=" " ind2=" ">
    <subfield code="a">JTF-925</subfield>
  </datafield>
</record>
